<?xml version="1.0" encoding="UTF-8"?>
<record
    xmlns:xsi="http://www.w3.org/2001/XMLSchema-instance"
    xsi:schemaLocation="http://www.loc.gov/MARC21/slim http://www.loc.gov/standards/marcxml/schema/MARC21slim.xsd"
    xmlns="http://www.loc.gov/MARC21/slim">

  <leader>01125nam a22002537a 4500</leader>
  <controlfield tag="005">20250129104544.0</controlfield>
  <controlfield tag="008">250129b        sa ||||| |||| 00| 0 eng d</controlfield>
  <datafield tag="020" ind1=" " ind2=" ">
    <subfield code="a">9780716628668</subfield>
    <subfield code="q">hbk</subfield>
  </datafield>
  <datafield tag="040" ind1=" " ind2=" ">
    <subfield code="a">RDA</subfield>
    <subfield code="c">3228</subfield>
  </datafield>
  <datafield tag="041" ind1=" " ind2=" ">
    <subfield code="2">E</subfield>
  </datafield>
  <datafield tag="082" ind1=" " ind2=" ">
    <subfield code="a">J641.35642 TOMA</subfield>
  </datafield>
  <datafield tag="245" ind1=" " ind2=" ">
    <subfield code="a">Tomato</subfield>
    <subfield code="b">Taste the world!</subfield>
  </datafield>
  <datafield tag="260" ind1=" " ind2=" ">
    <subfield code="a">Chicago, Illinois</subfield>
    <subfield code="b">World Book</subfield>
    <subfield code="c">2020</subfield>
  </datafield>
  <datafield tag="300" ind1=" " ind2=" ">
    <subfield code="a">48 pages</subfield>
    <subfield code="b">Colour illustration</subfield>
    <subfield code="c">27cm</subfield>
  </datafield>
  <datafield tag="490" ind1=" " ind2=" ">
    <subfield code="a">Taste the World!</subfield>
  </datafield>
  <datafield tag="504" ind1=" " ind2=" ">
    <subfield code="6">Did you know that many people once believed that tomatoes were poisonous? And that in German folklore certain plants related to tomatoes were believed to be used by witches to produce werewolves? Or that a tomato-throwing festival is held every year in Spain? You'll learn this and more in World Book's Taste the World! Tomato.</subfield>
    <subfield code="a">Glossary; Helpful; Hints</subfield>
  </datafield>
  <datafield tag="521" ind1=" " ind2=" ">
    <subfield code="a">Juvenile</subfield>
  </datafield>
  <datafield tag="600" ind1=" " ind2=" ">
    <subfield code="2">Juvenile literature ; Tomatoes  </subfield>
  </datafield>
  <datafield tag="700" ind1=" " ind2=" ">
    <subfield code="a">Brennan, Shawn Writer</subfield>
    <subfield code="9">191520</subfield>
  </datafield>
  <datafield tag="700" ind1=" " ind2=" ">
    <subfield code="a">Meller, Erika Digital product development</subfield>
    <subfield code="9">191522</subfield>
  </datafield>
  <datafield tag="700" ind1=" " ind2=" ">
    <subfield code="a">Tropinski, Brenda Design development and products</subfield>
    <subfield code="9">191530</subfield>
  </datafield>
  <datafield tag="700" ind1=" " ind2=" ">
    <subfield code="a">Fritzinger, Anne</subfield>
    <subfield code="9">191531</subfield>
  </datafield>
  <datafield tag="942" ind1=" " ind2=" ">
    <subfield code="2">ddc</subfield>
    <subfield code="c">BOOK</subfield>
    <subfield code="w">6197</subfield>
    <subfield code="x">Nontobeko Sigudla</subfield>
    <subfield code="y">6197</subfield>
    <subfield code="z">Nontobeko Sigudla</subfield>
  </datafield>
  <datafield tag="999" ind1=" " ind2=" ">
    <subfield code="c">771834</subfield>
    <subfield code="d">771833</subfield>
  </datafield>
  <datafield tag="952" ind1=" " ind2=" ">
    <subfield code="0">0</subfield>
    <subfield code="1">0</subfield>
    <subfield code="2">ddc</subfield>
    <subfield code="4">0</subfield>
    <subfield code="7">0</subfield>
    <subfield code="8">600</subfield>
    <subfield code="a">MBOMRL</subfield>
    <subfield code="b">KABOL</subfield>
    <subfield code="c">CHILD</subfield>
    <subfield code="d">2025-01-29</subfield>
    <subfield code="l">0</subfield>
    <subfield code="o">J641.35642 TOMA</subfield>
    <subfield code="p">33228031163589</subfield>
    <subfield code="r">2025-01-29</subfield>
    <subfield code="w">2025-01-29</subfield>
    <subfield code="y">BOOK</subfield>
  </datafield>
</record>
